000
00341nam a22001577a 4500
020
_a
978-81259-1879-0
041
_a
ENG
100
_a
Pandey.S.N
245
_a
Plant Physiology
250
_a
Fourth Edi
260
_a
New Delhi
_b
Vikas Pub
_c
2014
300
_a
681
650
_a
UPSC
700
_a
Sinha.B.K
856
_u
Competitive Exam
999
_c
232
_d
232